Gregg college keyboarding & document processing

Software user's guide for use with Windows 95/98/NT/2000/ME/XP, Internet ready version for home use.

Guardado en:
Detalles Bibliográficos
Formato: Libro
Lenguaje:Undetermined
Publicado: New York McGraw-Hill 2002
Materias:
Etiquetas: Agregar Etiqueta
Sin Etiquetas, Sea el primero en etiquetar este registro!
Thư viện lưu trữ: Trung tâm Học liệu Trường Đại học Cần Thơ
LEADER 00722nam a2200181Ia 4500
001 CTU_171333
008 210402s9999 xx 000 0 und d
082 |a 652.5 
082 |b G819 
245 0 |a Gregg college keyboarding & document processing 
260 |a New York 
260 |b McGraw-Hill 
260 |c 2002 
520 |a Software user's guide for use with Windows 95/98/NT/2000/ME/XP, Internet ready version for home use. 
650 |a Word processing,Keyboarding,Đánh máy,Xử lý văn bản 
650 |x Problems, exercises, etc.,Problems, exercises, etc.,Vấn đề, bài tập,Vấn đề, bài tập 
904 |i Khoa,Phỉ 
980 |a Trung tâm Học liệu Trường Đại học Cần Thơ